[Event "Nettetal"]
[Site "Nettetal"]
[Date "1991.??.??"]
[Round "5"]
[White "Moiseev, Viktor"]
[Black "Schneider, B."]
[Result "1/2-1/2"]
[WhiteElo "2460"]
[BlackElo "2455"]

1.e4 g6 2.d4 Bg7 3.Nc3 c6 4.f4 d5 5.e5 h5 6.Nf3 Nh6 7.Be3 Bg4 8.h3 Nf5 9.Bf2 Bxf3
10.Qxf3 h4 11.Bd3 e6 12.O-O Nd7 13.Ne2 Bf8 14.b3 Ba3 15.c4 Rc8 16.Rab1 a5
17.Rfd1 Kf8 18.Kh2 Nb8 19.Nc3  1/2-1/2

[Event "New York op"]
[Site "New York"]
[Date "1991.??.??"]
[Round "2"]
[White "Moulin, Pierre"]
[Black "Petursson, Margeir"]
[Result "0-1"]
[WhiteElo "2290"]
[BlackElo "2515"]

1.e4 g6 2.d4 Bg7 3.Nc3 c6 4.Nf3 d6 5.Be3 Nf6 6.h3 O-O 7.a4 d5 8.Bd3 dxe4
9.Nxe4 Nd5 10.Bd2 Nd7 11.c4 Nc7 12.O-O c5 13.Bc3 cxd4 14.Bxd4 e5 15.Be3 Ne6
16.Be2 b6 17.Nd6 Ndc5 18.Nxc8 Rxc8 19.b4 Qxd1 20.Raxd1 Nxa4 21.Rc1 a5 22.Bd1 Nb2
23.Bxb6 axb4 24.Bb3 Nd3 25.Rb1 Nec5 26.Bc2 Rb8 27.Bxc5 Nxc5 28.Nd2 Rfc8 29.Rfe1 f5
30.f3 Kf7 31.g4 Kf6 32.Nb3 Ne6 33.Bd3 Ra8 34.Bf1 Ra2 35.Re2 Rca8 36.Rxa2 Rxa2
37.Nc1 Rc2 38.Nd3 Bf8 39.Nxb4 Bc5+ 40.Kh1 Bxb4 41.Rxb4 Rf2 42.gxf5 gxf5 43.Kg1 Rxf3
44.Rb6 Rc3 45.h4 e4 46.Rb7 Rc1 47.Kf2 f4 48.Be2 Nd4 49.Rxh7 e3+  0-1

[Event "Oberwart op"]
[Site "Oberwart"]
[Date "1991.??.??"]
[Round "?"]
[White "Moiseev, Viktor"]
[Black "Mira, Helene"]
[Result "1-0"]
[WhiteElo "2480"]
[BlackElo "2135"]

1.e4 g6 2.d4 Bg7 3.Nc3 c6 4.f4 Nf6 5.e5 Nd5 6.Nxd5 cxd5 7.Nf3 O-O 8.Bd3 d6
9.O-O Bg4 10.c3 Nd7 11.h3 Bxf3 12.Qxf3 e6 13.Be3 f5 14.Kh1 Rc8 15.Rae1 dxe5
16.fxe5 a6 17.g4 Qh4 18.gxf5 gxf5 19.Rg1 Qd8 20.Bh6 Rf7 21.Bxf5 Kf8 22.Bxg7+ Rxg7
23.Rxg7 Kxg7 24.Rg1+ Kh8 25.Qg4  1-0

[Event "URS Army-ch"]
[Site "Odessa"]
[Date "1991.??.??"]
[Round "?"]
[White "Odeev, Handszar"]
[Black "Cherniak, L."]
[Result "1/2-1/2"]
[WhiteElo "2315"]
[BlackElo "2415"]

1.e4 g6 2.d4 Bg7 3.Nc3 c6 4.Bc4 d5 5.exd5 b5 6.Bb3 b4 7.Ne4 cxd5 8.Qf3 Nc6
9.Be3 e6 10.Ba4 Bb7 11.Nc5 Qb6 12.g4 Nf6 13.Ne2 Ne4  1/2-1/2

[Event "Ostrava"]
[Site "Ostrava"]
[Date "1991.??.??"]
[Round "6"]
[White "Nun, Jiri"]
[Black "Rechlis, Gad"]
[Result "0-1"]
[WhiteElo "2430"]
[BlackElo "2510"]

1.e4 g6 2.d4 Bg7 3.Nc3 c6 4.Nf3 d5 5.exd5 cxd5 6.Bb5+ Nc6 7.h3 Nf6 8.O-O O-O
9.Re1 Bf5 10.Bxc6 bxc6 11.Ne5 Rc8 12.Na4 Ne4 13.f3 Nd6 14.Nc5 f6 15.Ned3 e5
16.b3 Re8 17.Bb2 Nf7 18.Re2 e4 19.fxe4 dxe4 20.Nf2 e3 21.Nfd3 Qd6 22.Qf1 Bxd3
23.Nxd3 f5 24.Rd1 Rcd8 25.Nc5 Qg3 26.Qf3 Qxf3 27.gxf3 f4 28.c3 Nd6 29.Nd3 Bh6
30.Kh2 Nf5 31.Rg1 Bf8 32.Rg4 c5 33.Nxf4 cxd4 34.cxd4 Nxd4 35.Nxg6 Nxe2 36.Nh8+ Bg7
37.Bxg7 h5 38.Rg5 Nf4 39.Be5+ Kh7 40.Nf7 Rd2+ 41.Kg3 Ne6  0-1

[Event "Ostrava"]
[Site "Ostrava"]
[Date "1991.??.??"]
[Round "7"]
[White "Mikac, Matjaz"]
[Black "Nun, Jiri"]
[Result "0-1"]
[WhiteElo "2425"]
[BlackElo "2430"]

1.e4 c6 2.d4 g6 3.Nc3 Bg7 4.Bc4 d6 5.Nf3 Nf6 6.Bb3 O-O 7.O-O Bg4 8.h3 Bxf3
9.Qxf3 Nbd7 10.Be3 e6 11.Rad1 d5 12.Bg5 h6 13.Bh4 Qa5 14.Rfe1 b5 15.a3 Qb6
16.e5 Nh7 17.Be7 Rfc8 18.h4 a5 19.Qf4 Ra7 20.Re3 Rb7 21.Bd6 Qd8 22.a4 b4
23.Nb1 c5 24.dxc5 Nxc5 25.Bxc5 Rxc5 26.Nd2 Nf8 27.Ne4 Rc6 28.Nf6+ Bxf6 29.exf6 Kh7
30.g4 Nd7 31.g5 Qb8 32.Qd4 h5 33.Rd2 Nb6 34.Red3 Nc4 35.Re2 Nd6 36.Rh3 Nf5
37.Qd2 Rbc7 38.Re1 Qb6 39.Rd1 Nd6 40.Rd3 Ne4 41.Qf4 Nc5 42.R3d2 Nxb3 43.cxb3 Rc5
44.Qd4 Qc6 45.Kf1 Rc2 46.Ke2 Qa6+ 47.Qd3 Rxd2+ 48.Rxd2 Qc8 49.Qb5 Rc5 50.Qb6 e5
51.f3 e4 52.Qa7 exf3+ 53.Kf2 Kg8 54.Qe7 Rc1 55.Qe5 Rh1 56.Qxd5 Qc1 57.Kxf3 Rh3+
58.Kg2 Rxh4 59.Qd8+ Kh7 60.Qd5 Rg4+ 61.Kf3 Qf1+  0-1

[Event "Paris-ch"]
[Site "Paris"]
[Date "1991.??.??"]
[Round "4"]
[White "Petit, Eric Thierry"]
[Black "Bellas, Alexandre"]
[Result "1/2-1/2"]
[WhiteElo "2245"]
[BlackElo "2210"]

1.e4 g6 2.d4 Bg7 3.Nc3 c6 4.Nf3 d5 5.Be2 Bg4 6.Be3 e6 7.Qd2 Nd7 8.O-O h6
9.Ne1 Bxe2 10.Qxe2 Ne7 11.Nf3 O-O 12.Rad1 Rc8 13.Rfe1 Qb6 14.Qd2 Kh7 15.Ne5 Nxe5
16.dxe5 Qc7 17.f4 b6  1/2-1/2

[Event "Polanica Zdroj op"]
[Site "Polanica Zdroj"]
[Date "1991.??.??"]
[Round "?"]
[White "Ciemniak, Robert"]
[Black "Maciejewski, Andrzej"]
[Result "1/2-1/2"]
[WhiteElo "2230"]
[BlackElo "2435"]

1.e4 g6 2.d4 c6 3.Nc3 Bg7 4.Be3 d5 5.Nf3 Bg4 6.Be2 dxe4 7.Nxe4 Nf6 8.Nxf6+ Bxf6
9.O-O O-O 10.h3 Bf5 11.c4 Na6 12.Qd2 c5 13.Rac1 Qc7 14.Bg5 Qb6 15.Bxf6 Qxf6
16.Rfd1 Rad8 17.Qf4 cxd4 18.g4 d3 19.Bf1 Be6 20.Qxf6 exf6 21.Bxd3 Nb4 22.Be2 Nxa2
23.Ra1 Rxd1+ 24.Bxd1 Nb4 25.Rxa7 Bxc4 26.Rxb7 Rd8 27.Ba4 Nd3 28.Bc6 Rd6 29.Be4 Nf4
30.Kh2 Kg7 31.Rb4 Bf1 32.h4 h5 33.gxh5 Nxh5 34.Bb7 f5 35.Nd4 Nf6 36.f3 Nd7
37.Kg1 Bd3 38.Kf2 Nc5 39.Nb3 Ne6 40.Ke3 f4+ 41.Kf2 Bc2 42.Bc8 Bxb3 43.Rxb3 Nc5
44.Rb5  1/2-1/2

[Event "Porz op26"]
[Site "Porz"]
[Date "1991.??.??"]
[Round "4"]
[White "Hoerstmann, Martin"]
[Black "Schneider, B."]
[Result "1/2-1/2"]
[WhiteElo "2305"]
[BlackElo "2430"]

1.d4 g6 2.e4 Bg7 3.Nc3 c6 4.Bc4 d6 5.Qf3 e6 6.Bf4 b5 7.Bb3 a5 8.a3 Ba6 9.Qg3 Nf6
10.Bg5 b4 11.e5 bxc3 12.exf6 cxb2 13.Rb1 Bxf6 14.Bxf6 Qxf6 15.Qxd6 Qg5 16.Ne2 a4
17.Ba2 Qa5+ 18.Kd1 Bxe2+ 19.Kxe2 Qc3 20.Rhe1 Nd7 21.Kf1 Rb8 22.Re2 Kd8 23.Rxe6 fxe6
24.Bxe6 Rb7 25.Bxd7 Rxd7 26.Qb8+ Ke7 27.Qxh8 Rxd4 28.Qe5+ Kd7 29.Re1 Kc8
30.g3 Qc4+ 31.Kg1 Re4 32.Qh8+ Kc7 33.Rd1 Rd4 34.Re1 Re4 35.Qg7+ Kc8 36.Rd1 Rd4
37.Re1 Re4 38.Rd1 Rd4 39.Re1 Re4 40.Rd1 Rd4  1/2-1/2

[Event "Bohemians"]
[Site "Prague"]
[Date "1991.??.??"]
[Round "10"]
[White "Znamenacek, Kvetoslav"]
[Black "Danner, Georg"]
[Result "1-0"]
[WhiteElo "2340"]
[BlackElo "2360"]

1.d4 g6 2.e4 Bg7 3.Nc3 c6 4.Nf3 d6 5.Be2 Nd7 6.a4 e5 7.O-O Ngf6 8.a5 O-O
9.Re1 Qe7 10.Bf1 Re8 11.Ra3 Nf8 12.d5 c5 13.a6 Nh5 14.Bg5 Bf6 15.Be3 Nd7
16.axb7 Bxb7 17.Qa1 Bg7 18.Rxa7 f5 19.Bb5 fxe4 20.Nd2 Nhf6 21.Bg5 Reb8 22.Ndxe4 Qf8
23.Bc6 Nxe4 24.Nxe4 Bxc6 25.dxc6 Nb6 26.Be7 Qe8 27.Bxd6 Rc8 28.Bxc5 Qxc6
29.Bxb6 Rxa7 30.Bxa7 Ra8 31.Qa2+ Kh8 32.Qb3 h5 33.Ng5 Bf6 34.Be3 Re8 35.Qf7  1-0

[Event "Recife"]
[Site "Recife"]
[Date "1991.??.??"]
[Round "9"]
[White "Van Riemsdijk, Herman C"]
[Black "Miranda, Marcio MC"]
[Result "1/2-1/2"]
[WhiteElo "2450"]
[BlackElo "2280"]

1.e4 g6 2.d4 Bg7 3.Nc3 c6 4.Bc4 d6 5.Qf3 e6 6.Nge2 Qe7 7.a4 Nd7 8.Ba2 e5
9.d5 c5 10.Nb5 Nf8 11.Bd2 a6 12.Na3 Nf6 13.Nc3 b6 14.Nc4 Rb8 15.O-O N8d7
16.Qe2 Nh5 17.g3 O-O 18.Ne3 Ndf6 19.Bc4 Ra8 20.Ng2 Ne8 21.f4 Nc7 22.f5 Bd7
23.g4 Nf4 24.Nxf4 exf4 25.Bxf4 b5 26.e5 dxe5 27.Bg3 bxc4 28.f6 Bxf6 29.d6 Qe6
30.dxc7 Bg7 31.Rad1 Qxg4 32.Qxg4 Bxg4 33.Rd5 Be6 34.Rxc5 f6 35.Rd1 Rfc8 36.Ne4 Bf8
37.Rc6 Kf7 38.Nd6+ Bxd6 39.Rdxd6 Re8 40.Rxe6 Rxe6 41.c8=Q Rxc8 42.Rxc8 Rb6
43.Rc7+ Ke6 44.Rxc4 Rxb2 45.Rc6+ Kf5 46.Rxa6 Rxc2 47.Bf2 Ra2 48.a5  1/2-1/2

[Event "Rimavska Sobota"]
[Site "Rimavska Sobota"]
[Date "1991.??.??"]
[Round "4"]
[White "Jansa, Vlastimil"]
[Black "Poley, Vladimir"]
[Result "1-0"]
[WhiteElo "2495"]
[BlackElo "2445"]

1.e4 g6 2.d4 Bg7 3.Nc3 c6 4.Nf3 d5 5.h3 Nf6 6.e5 Nfd7 7.Bf4 e6 8.Qd2 h6 9.Bd3 b6
10.O-O Ba6 11.b4 Bxd3 12.cxd3 a6 13.a4 g5 14.Be3 Qe7 15.Ne2 O-O 16.Ng3 Rc8
17.Nh5 Bf8 18.Rab1 f5 19.exf6 Nxf6 20.Nxf6+ Qxf6 21.Ne5 c5 22.f4 cxd4 23.Bxd4 Bg7
24.Bxb6 gxf4 25.Bd4 Rf8 26.Kh1 Qf5 27.Rbe1 Kh7 28.Qc3 Rd8 29.Qc7 Qf8 30.Qb7 Nd7
31.Nxd7 Qe7 32.Bxg7 Kxg7 33.Nc5 Qxb7 34.Nxb7  1-0

[Event "Rimavska Sobota"]
[Site "Rimavska Sobota"]
[Date "1991.??.??"]
[Round "12"]
[White "Tseitlin, Mikhail S"]
[Black "Poley, Vladimir"]
[Result "1/2-1/2"]
[WhiteElo "2490"]
[BlackElo "2445"]

1.e4 g6 2.d4 Bg7 3.Nc3 c6 4.f4 d5 5.e5 f6 6.Nf3 Nh6 7.Bd3 O-O 8.O-O Bg4 9.Ne2 Nf5
10.c3 Qb6 11.Kh1 c5 12.exf6 Bxf6 13.Ne5 Bxe2 14.Bxe2 cxd4 15.g4 Bxe5 16.fxe5 Ng7
17.Rxf8+ Kxf8 18.Qxd4 Qxd4 19.cxd4 Nc6 20.Be3 Ne6 21.Rd1 Kg7 22.Bf3 Rd8 23.Kg2 h6
24.h4 Na5 25.Kf2 Rf8 26.Ke2 Rd8 27.Kd3 Nc4 28.Bc1 Nb6 29.b3 Rf8 30.Rf1 Nd8
31.Ba3 Nc6 32.Ke3 g5 33.hxg5 hxg5 34.Bg2 Rxf1 35.Bxf1 a5 36.Bc1 Na7 37.Kd3 Kh6
38.Kc3 Nd7 39.Ba3 Nc8 40.Bb5 Nf8 41.Be8 Ng6 42.Bd7 Na7 43.Bc5 Nf8 44.Bf5 Nb5+
45.Kd3 Ng6 46.Bxg6 Kxg6 47.a4 Nc7 48.Bxe7 Ne6 49.Bc5 Nd8 50.b4 axb4 51.Bxb4 Kf7
52.Bd2 Ne6 53.Kc3 Ke8 54.Kb4 Nxd4 55.Bxg5 Nc6+ 56.Kc5 Nxe5 57.Kb6 Nxg4 58.Kxb7 Ne5
59.a5 Kd7 60.a6 Nc6 61.Be3 Nd8+ 62.Kb6 Nc6 63.Bc5 Kc8 64.Bd6 Kd7 65.Be5 Ne7
66.Kc5 Nc6 67.Kb6 Ne7 68.Kb5 Nc6 69.Kc5 d4 70.Bxd4 Nxd4  1/2-1/2

[Event "Schoeneck"]
[Site "Schoeneck"]
[Date "1991.??.??"]
[Round "11"]
[White "Zude, Arno"]
[Black "Schmitzer, Klaus"]
[Result "1/2-1/2"]
[WhiteElo "2400"]
[BlackElo "2300"]

1.e4 g6 2.d4 Bg7 3.Nc3 c6 4.Bc4 d6 5.Qf3 e6 6.Be3 Nd7 7.Bb3 Ngf6 8.Nge2 O-O
9.O-O Qe7 10.Rad1 h6 11.Ng3 Kh7 12.h4 e5 13.h5 b5 14.Qe2 a5 15.d5 a4 16.dxc6 axb3
17.cxd7 Ba6 18.Nxb5 bxc2 19.Rc1 d5 20.a4 d4 21.Bd2 Qxd7 22.Qd3 Rab8 23.Rxc2 Rxb5
24.axb5 Bxb5 25.Qa3 Bxf1 26.Kxf1 Nxh5 27.Nxh5 gxh5 28.Qd3 Ra8 29.b4 Bf8 30.b5 h4
31.Rb2 Ra1+ 32.Be1 Qc7 33.Rb1 Rxb1 34.Qxb1 Qc4+ 35.Kg1 d3 36.b6 Bd6 37.b7 Qxe4
38.Bd2 Qe2 39.Qb6 Qd1+ 40.Kh2 Qxd2 41.Qxd6 Qf4+ 42.Kg1  1/2-1/2

[Event "SCO-ch"]
[Site "SCO"]
[Date "1991.??.??"]
[Round "3"]
[White "Mannion, Stephen R"]
[Black "McNab, Colin Anderson"]
[Result "1/2-1/2"]
[WhiteElo "2345"]
[BlackElo "2420"]

1.e4 g6 2.d4 Bg7 3.Nc3 c6 4.f4 d5 5.e5 h5 6.Nf3 Nh6 7.Be3 Bg4 8.h3 Nf5 9.Bf2 Bxf3
10.Qxf3 h4 11.O-O-O e6 12.Bd3 Nd7 13.Ne2 Qa5 14.Kb1 O-O-O 15.c4 dxc4 16.Bxc4 Kb8
17.Rd3 Bf8 18.Rc1 Nb6 19.Be1 Bb4 20.Ra3 Nxc4 21.Rxa5 Bxe1 22.Rxc4 Bxa5 23.a3 Bb6
24.Qe4 Rd5 25.Nc3 Rhd8 26.Ne2 Bxd4 27.Nxd4 Nxd4 28.Ka2 Nf5 29.Rc3 Rd4 30.Qf3 Rd2
31.Qf1 R8d5 32.Rb3 Kc7 33.Qc4 a5 34.Qf1  1/2-1/2

[Event "SCO-ch"]
[Site "SCO"]
[Date "1991.??.??"]
[Round "5"]
[White "Bryson, Douglas M"]
[Black "McNab, Colin Anderson"]
[Result "0-1"]
[WhiteElo "2340"]
[BlackElo "2420"]

1.e4 g6 2.d4 Bg7 3.Nc3 c6 4.Bc4 d6 5.Qf3 e6 6.Nge2 Nd7 7.Bf4 Ngf6 8.Bb3 e5
9.Be3 O-O 10.O-O Qe7 11.d5 c5 12.a4 Ne8 13.Qg3 Rb8 14.a5  0-1

[Event "St Martin op"]
[Site "St Martin"]
[Date "1991.??.??"]
[Round "2"]
[White "Denny, Kevin"]
[Black "Petursson, Margeir"]
[Result "0-1"]
[WhiteElo "2205"]
[BlackElo "2515"]

1.e4 g6 2.d4 Bg7 3.Nc3 c6 4.Nf3 d6 5.Be3 Nf6 6.h3 O-O 7.a4 d5 8.e5 Ne4 9.Bd3 Nxc3
10.bxc3 c5 11.O-O Nc6 12.Qb1 c4 13.Be2 f6 14.exf6 exf6 15.Qb2 Rf7 16.Rfb1 g5
17.Qc1 h6 18.Nh2 Re7 19.Bf3 Be6 20.Qd1 Qd7 21.Bc1 f5 22.Ba3 Ree8 23.Rb5 Rac8
24.Bh5 Bf7 25.Bxf7+ Qxf7 26.Qf3 Rcd8 27.Nf1 f4 28.g3 Re4 29.Nd2 Rxd4 30.cxd4 Nxd4
31.Qd1 Re8 32.g4 Re2 33.Nf1 Qe6 34.Nh2 Nxb5 35.axb5 Bxa1 36.Kf1 Qe4 37.f3 Rxh2
38.Kg1 Qxc2 39.Qxd5+ Kh7  0-1

[Event "Rilton Cup"]
[Site "Stockholm"]
[Date "1991.??.??"]
[Round "3"]
[White "Schneider, Lars Ake"]
[Black "Poley, Vladimir"]
[Result "1-0"]
[WhiteElo "2445"]
[BlackElo "2445"]

1.e4 g6 2.d4 Bg7 3.Nc3 c6 4.Nf3 d5 5.e5 Nh6 6.h3 f6 7.exf6 exf6 8.Bd3 O-O
9.O-O a5 10.Re1 Na6 11.a3 Nc7 12.Bf4 Ne6 13.Bh2 Nf7 14.Ne2 Qb6 15.Rb1 Nfg5
16.Nxg5 fxg5 17.c3 Qd8 18.f3 b5 19.Bc2 Nf4 20.Qd2 Qd6 21.Nxf4 gxf4 22.Re2 b4
23.Rbe1 bxa3 24.bxa3 Rb8 25.Re8 Bh6 26.a4 Bd7 27.R8e7 Bg5 28.R7e5 Bh4 29.Rd1 Rb2
30.Qc1 Qb8 31.Bd3 Qb3 32.Re2 Rxe2 33.Bxe2 Re8 34.Bf1 Bf5 35.Bxf4 Qxa4 36.Be5 Re7
37.g3 Rxe5 38.dxe5 Bxg3 39.Rd4 Qb3 40.Qe3 c5 41.Rd2 d4 42.Qg5 Qxc3 43.Rg2 d3
44.Qd8+ Kg7 45.Qe7+ Kh6 46.Rxg3 Qd4+ 47.Kh2 Qf2+ 48.Bg2 d2 49.Qf8+ Kh5 50.Qd8 Kh6
51.h4 Kg7 52.Qf6+ Kg8 53.e6 Bxe6 54.Qxe6+ Kf8 55.Qd6+ Kg7 56.Rg4 Qe2 57.Re4 d1=Q
58.Qe7+  1-0

[Event "Rilton Cup"]
[Site "Stockholm"]
[Date "1991.??.??"]
[Round "3"]
[White "Lyrberg, Patrik"]
[Black "Petursson, Margeir"]
[Result "0-1"]
[WhiteElo "2270"]
[BlackElo "2515"]

1.e4 g6 2.d4 Bg7 3.Nc3 c6 4.Be3 d6 5.Nf3 b5 6.a3 Nd7 7.d5 cxd5 8.Qxd5 Rb8
9.Ng5 Nh6 10.Bxb5 O-O 11.Bxa7 e6 12.Nxe6 fxe6 13.Qxe6+ Kh8 14.Bxb8 Nxb8 15.Qd5 Ng4
16.O-O Qb6 17.Na4 Qa7 18.Qxd6 Bd7 19.Bxd7 Nxd7 20.Qg3 Nxf2 21.Rxf2 Be5 22.Qd3 Rxf2
23.Qb5 Rxc2+  0-1

[Event "Tel Aviv-B"]
[Site "Tel Aviv"]
[Date "1991.??.??"]
[Round "3"]
[White "Liss, Eran"]
[Black "Andrianov, Nikolai"]
[Result "1-0"]
[WhiteElo "2325"]
[BlackElo "2445"]

1.e4 g6 2.d4 Bg7 3.Nc3 c6 4.Bc4 e6 5.e5 d5 6.exd6 Nf6 7.Bf4 O-O 8.Nf3 Nbd7
9.O-O Nb6 10.Bd3 Nbd5 11.Be5 Nxc3 12.bxc3 Ne8 13.h4 Nxd6 14.h5 Nf5 15.Bxg7 Kxg7
16.Qd2 Bd7 17.g3 c5 18.Bxf5 exf5 19.d5 f6 20.hxg6 hxg6 21.Kg2 Qe7 22.Rh1 Rh8
23.Rae1 Qd6 24.c4 b6 25.Ng5 Rxh1 26.Rxh1 Rf8 27.Ne6+ Bxe6 28.Qh6+ Kf7 29.Qh7+ Ke8
30.Re1 Qd7 31.Rxe6+ Kd8 32.Qxg6 Qf7 33.Qxf5 Kc7 34.d6+ Kb8 35.Re7 Qxc4 36.Qf3 Qa6
37.Qc6 Rh8 38.Re8+ Rxe8 39.Qxe8+ Kb7 40.d7  1-0

[Event "Toledo"]
[Site "Toledo"]
[Date "1991.??.??"]
[Round "3"]
[White "Braga, Fernando"]
[Black "De la Riva Aguado, Oscar"]
[Result "1/2-1/2"]
[WhiteElo "2445"]
[BlackElo "2360"]

1.d4 g6 2.e4 Bg7 3.Nc3 c6 4.h4 d5 5.e5 h5 6.Nh3 Nh6 7.Nf4 Nf5 8.Nce2 e6 9.g3 c5
10.c3 Nc6 11.Bh3 Nfe7 12.O-O Qb6 13.b3 cxd4 14.cxd4 Bd7 15.Qd2 a5 16.Ba3 Nb4
17.Rfd1 Bh6 18.Nc3 Bb5 19.Rac1 Nec6 20.Bb2 Na7 21.Nxb5 Qxb5 22.a3 Nbc6 23.Rc3 O-O
24.Rf3 Nc8 25.Bf1 Qb6 26.Nxd5 Bxd2 27.Nxb6 Nxb6 28.Rxd2 Rfd8 29.Rfd3 a4 30.Rc2 Ra5
31.Rc5 axb3 32.Rxb3 Na4 33.Rxa5 Nxa5 34.Rb5 Nxb2 35.Rxa5 Rxd4 36.Rb5 Nd3
37.f4 Ne1 38.Kf2 Nc2 39.Rxb7 Nxa3 40.Rb2 Ra4 41.Ra2 Ra7 42.Bd3 Nb5  1/2-1/2

[Event "Vienna"]
[Site "Vienna"]
[Date "1991.??.??"]
[Round "8"]
[White "Kindermann, Stefan"]
[Black "Fauland, Alexander"]
[Result "1-0"]
[WhiteElo "2500"]
[BlackElo "2475"]

1.e4 g6 2.d4 Bg7 3.Nc3 c6 4.Nf3 d5 5.h3 Nf6 6.Bd3 O-O 7.O-O dxe4 8.Nxe4 Nxe4
9.Bxe4 Na6 10.c3 Nc7 11.Re1 Be6 12.Bg5 a5 13.a4 Re8 14.Bf4 Nd5 15.Be5 Bh6
16.Qc2 Qc8 17.Bg3 Bg7 18.Bd3 Bf5 19.Bxf5 Qxf5 20.Qb3 Qc8 21.Re2 e6 22.Nd2 Qd7
23.Ne4 b6 24.Nd6 Reb8 25.Nc4 Rb7 26.Qc2 c5 27.dxc5 bxc5 28.Qe4 Qc6 29.Qf3 Qa6
30.Nd6 Rd7 31.Nb5 Rad8 32.Bh4 Rc8 33.Rd2 c4 34.Rad1 Qc6 35.Bg3 Rdd8 36.Na7 Qxa4
37.Nxc8 Rxc8 38.Qe2 Qb3 39.Be5 Bh6 40.Rd4 Qb5 41.h4 Qc6 42.h5 f6 43.Bg3 g5
44.Qf3 Bf8 45.Re1 Bc5 46.Rde4 e5 47.Bxe5 fxe5 48.Rxe5 Rf8 49.Rxg5+ Kh8 50.Rf5 Rxf5
51.Qxf5 Ne7 52.Qe5+ Kg8 53.h6 Kf7 54.Qg7+ Ke8 55.Qg8+ Kd7 56.Rd1+ Kc7 57.Qxh7 Qf6
58.Rf1 Bd6 59.Qg7 Qxg7 60.hxg7 Be5 61.Ra1 Bxg7  1-0

[Event "Werfen op"]
[Site "Werfen"]
[Date "1991.??.??"]
[Round "5"]
[White "Kadishev, Leonid"]
[Black "Niesel, Matthias"]
[Result "1/2-1/2"]
[WhiteElo "2385"]
[BlackElo "2285"]

1.d4 g6 2.e4 Bg7 3.Nc3 c6 4.Nf3 d5 5.h3 Nf6 6.Bd3 dxe4 7.Nxe4 Nxe4 8.Bxe4 Nd7
9.O-O O-O 10.c3 e5 11.dxe5 Nxe5 12.Nd4 Nc4 13.Bf3  1/2-1/2

[Event "Werfen op"]
[Site "Werfen"]
[Date "1991.??.??"]
[Round "7"]
[White "Glek, Igor V"]
[Black "Niesel, Matthias"]
[Result "1-0"]
[WhiteElo "2530"]
[BlackElo "2285"]

1.e4 g6 2.d4 Bg7 3.Nc3 c6 4.Bc4 d6 5.Qf3 e6 6.Nge2 Qe7 7.a4 Nd7 8.O-O Ngf6
9.a5 e5 10.d5 c5 11.a6 bxa6 12.Bxa6 O-O 13.Nb5 Nb6 14.Bg5 h6 15.Bxf6 Bxf6
16.Bxc8 Nxc8 17.Nec3 Bg5 18.Ra6 Rb8 19.Rc6 Bd2 20.b3 Bxc3 21.Nxc3 Kg7 22.Nd1 Qd7
23.Qc3 Ne7 24.Ra6 Rb4 25.Qa1 Nc8 26.f3 f5 27.Nf2 Kh7 28.h3 Rf7 29.Qe1 Rb6
30.Ra5 Ne7 31.Qa1 Ng8 32.Qa4 Qe7 33.Ra1 Rb7 34.Rb5 Nf6 35.Rxb7 Qxb7 36.Qa6 Qc7
37.Qb5 Qb6 38.Qxb6 axb6 39.Ra6 Rb7 40.Kf1 Kg7 41.Ra8 Kf7 42.g4 f4 43.Nd1 b5
44.Ke2 g5 45.Nb2 h5 46.gxh5 Nxh5 47.Nd3 Ng3+ 48.Ke1 Kf6 49.Nf2 b4 50.Ng4+ Kg7
51.Kd2 Nf1+ 52.Kd3 Rb6 53.Ra7+ Kg6 54.Rc7 Rb8 55.Rc6 c4+ 56.bxc4  1-0

[Event "Aarhus-A"]
[Site "Aarhus"]
[Date "1992.??.??"]
[Round "7"]
[White "Alkaersig, Ole"]
[Black "Rewitz, Poul"]
[Result "1-0"]
[WhiteElo "2260"]
[BlackElo "2220"]

1.e4 g6 2.d4 Bg7 3.Nc3 c6 4.Bc4 d6 5.Qf3 e6 6.Bf4 d5 7.Bb3 Ne7 8.Nge2 Nd7
9.O-O O-O 10.Rad1 b5 11.Bd6 Nb6 12.Bc5 a5 13.a3 a4 14.Ba2 Nc4 15.Bxc4 bxc4
16.e5 f6 17.exf6 Rxf6 18.Qe3 Nf5 19.Qd2 Nd6 20.f4 Nb7 21.Bb4 Qc7 22.Qe3 Bd7
23.Nb1 Rc8 24.Nd2 Bh6 25.Nf3 Rxf4 26.Nxf4 Bxf4 27.Qf2 c5 28.Bc3 Rf8 29.Qh4 Rf5
30.g4 g5 31.Qh6 Rf7 32.Ne5 Rg7 33.Rxf4 gxf4 34.Rf1 Nd6 35.Nxd7 Qxd7 36.dxc5 Nf5
37.Qxf4 d4 38.c6 Qxc6 39.Bxd4  1-0

[Event "Wch U26"]
[Site "Antwerp"]
[Date "1992.??.??"]
[Round "9"]
[White "Ninov, Nikolai"]
[Black "Mrva, Martin"]
[Result "1-0"]
[WhiteElo "2370"]
[BlackElo "2375"]

1.e4 g6 2.d4 Bg7 3.Nc3 c6 4.Nf3 d5 5.h3 dxe4 6.Nxe4 Nf6 7.Nxf6+ exf6 8.Bc4 O-O
9.O-O Na6 10.Be3 Nc7 11.Qd2 Be6 12.Bxe6 Nxe6 13.c4 Nc7 14.a4 Qd7 15.Ra3 Qe6
16.Rc1 Rfd8 17.Rb3 b6 18.Rd3 Rd7 19.Bf4 Bf8 20.b3 Bd6 21.Re1 Qf5 22.Bxd6 Rxd6
23.Nh4 Qd7 24.Rd1 Rd8 25.Nf3 Qf5 26.Qh6 Ne6 27.Re3 g5 28.h4 g4 29.d5 gxf3
30.Rxf3 Qe5 31.Rg3+ Kh8 32.dxe6 Rxd1+ 33.Kh2 Rg8 34.exf7 Rdd8 35.fxg8=Q+ Rxg8
36.Qe3 Qd6 37.f4 a5 38.Rxg8+ Kxg8 39.Kg3 c5 40.Kg4 f5+ 41.Kg3 Qg6+ 42.Kf2 Kf7
43.Qe5 h5 44.Qc7+ Ke8 45.Kf1 Qf6 46.Kg1 Qxh4 47.Qe5+ Kd8 48.Qd6+ Ke8 49.Qe6+ Qe7
50.Qc8+ Qd8 51.Qe6+ Qe7 52.Qg6+ Kd8 53.Qxb6+ Kc8 54.Qc6+ Kb8 55.Qb6+ Kc8
56.Qc6+ Kb8 57.Kf2 Qh4+ 58.g3 Qd8 59.Qb5+ Ka8 60.Qc6+ Kb8 61.Qb5+ Ka8 62.Qxc5 Qd2+
63.Kf1 Qd3+ 64.Kg2 Qe4+ 65.Kf2 Qc2+ 66.Kg1 h4 67.Qxa5+  1-0

[Event "AUT-chT"]
[Site "AUT"]
[Date "1992.??.??"]
[Round "?"]
[White "Blatny, Pavel"]
[Black "Casagrande, Harald"]
[Result "1-0"]
[WhiteElo "2480"]
[BlackElo "2360"]

1.d4 g6 2.e4 Bg7 3.Nc3 c6 4.f4 d5 5.e5 h5 6.Be3 Nh6 7.Nf3 Bg4 8.h3 Bxf3 9.Qxf3 Nf5
10.Bf2 h4 11.Bd3 e6 12.Ne2 Nd7 13.Bxf5 exf5 14.g4 hxg3 15.Nxg3 Bf8 16.h4 Rxh4
17.Rxh4 Qxh4 18.Nxf5 Qd8 19.Ne3 Qa5+ 20.c3 Ba3 21.b4 Qa6 22.Qe2 Qxe2+ 23.Kxe2 a5
24.Rb1 axb4 25.cxb4 b5 26.Be1 Nb6 27.Bc3 Ke7 28.f5 Rh8 29.fxg6 Rh2+ 30.Kf3 fxg6
31.Rg1 Nc4 32.Nxc4 Rh3+ 33.Kg4 Rxc3 34.Nxa3 Rxa3 35.Kg5 Kf7 36.Rf1+ Kg7 37.Rf6 Rg3+
38.Kf4 Rc3 39.Rd6 Kf7 40.Rd7+ Ke6 41.Rg7 Rd3 42.Rxg6+ Kd7 43.a3 Rxd4+ 44.Kf5 Re4
45.Rg7+ Kc8 46.e6 Re3 47.Rd7 Rxa3 48.Ke5 Re3+ 49.Kd6 d4 50.Rc7+ Kb8 51.Rxc6 d3
52.Kd7  1-0

[Event "AUT-chT"]
[Site "AUT"]
[Date "1992.??.??"]
[Round "?"]
[White "Blatny, Pavel"]
[Black "Fauland, Alexander"]
[Result "1-0"]
[WhiteElo "2480"]
[BlackElo "2440"]

1.e4 g6 2.d4 Bg7 3.Nc3 c6 4.f4 d5 5.e5 Nh6 6.Nf3 Bg4 7.Be3 Nf5 8.Bf2 Qb6
9.Rb1 Bh6 10.h3 Bxf3 11.Qxf3 e6 12.g4 Nxd4 13.Qd3 c5 14.b4 Nbc6 15.bxc5 Qxc5
16.g5 Bg7 17.Kd1 h6 18.Nb5 Nb4 19.Qd2 Nbxc2 20.Nxd4 Nxd4 21.Bxd4 Qe7 22.h4 hxg5
23.fxg5 O-O 24.Bd3 Rfc8 25.Ke2 Qd7 26.h5 gxh5 27.Rxh5 Rc4 28.Qf4 Rac8 29.Rh7 Qe7
30.Rbh1 Rc2+ 31.Kf3 R8c3 32.Bxc3 Rxc3 33.Ke2 Kf8 34.Rxg7 Kxg7 35.Qh4  1-0

[Event "BUL-chT"]
[Site "Bankia"]
[Date "1992.??.??"]
[Round "2"]
[White "Atanasov, Radislav"]
[Black "Arnaudov, Petar"]
[Result "1-0"]
[WhiteElo "2265"]
[BlackElo "2270"]

1.e4 g6 2.d4 Bg7 3.Nc3 c6 4.Nf3 d5 5.h3 Nf6 6.Bd3 c5 7.dxc5 dxe4 8.Nxe4 Nxe4
9.Bxe4 Qa5+ 10.c3 Qxc5 11.O-O O-O 12.Be3 Qc7 13.Nd4 a6 14.Qf3 Nd7 15.Rad1 Nc5
16.Bc2 e5 17.Nb3 Na4 18.Bc1 Be6 19.Be4 Rab8 20.Bd5 Rfe8 21.Bxe6 Rxe6 22.Qd5 b5
23.Rfe1 Nb6 24.Qf3 Nc4 25.Rd5 Bf8 26.Red1 Nb6 27.R5d2 b4 28.cxb4 Bxb4 29.Re2 Rd8
30.Rc2 Qxc2 31.Rxd8+ Kg7 32.Qe3 g5 33.Qxg5+ Qg6 34.Rb8 Be7 35.Qxg6+ hxg6
36.Bd2 Na4 37.Na5 Rd6 38.Nc4 Rd4 39.b3 Nc5 40.Kf1 Ne4 41.Ke2 Bc5 42.Be1 Nf6
43.Ra8 Nd5 44.g3 Re4+ 45.Kf1 Bb4 46.Bxb4 Nxb4 47.f3 Rd4 48.Nxe5 Rd2 49.a3 Nd3
50.Rd8 Rd1+ 51.Ke2 Re1+ 52.Kd2 Rxe5 53.Rxd3 g5 54.Rd6 Rf5 55.Ke3 Rb5 56.Rd3 Kg6
57.Kd4 Rb8 58.Kc5 Rh8 59.h4 gxh4 60.gxh4 Kf5 61.Kb6 Rh6+ 62.Ka5 Kf4 63.b4 f5
64.a4 Kg3 65.b5 axb5 66.axb5 Rxh4 67.b6 Rh1 68.Rb3  1-0

[Event "Bankia tt"]
[Site "Bankia"]
[Date "1992.??.??"]
[Round "5"]
[White "Velikov, Petar"]
[Black "Mollov, Elin"]
[Result "1/2-1/2"]
[WhiteElo "2445"]
[BlackElo "2375"]

1.d4 g6 2.e4 Bg7 3.Nc3 c6 4.f4 d5 5.e5 h5 6.Nf3 Bg4 7.Be3 Nh6 8.Be2 e6 9.Qd2 Nf5
10.Bf2 Nd7 11.g3 Qa5 12.h3 Bxf3 13.Bxf3 O-O-O 14.Ne2 Qa6 15.Ng1 f6 16.g4 hxg4
17.hxg4 Rxh1 18.Bxh1 Ne7 19.Nf3 c5 20.c3 cxd4 21.cxd4 Nc6 22.Be3 Kb8 23.Kf2 Na5
24.Qe2 Nc4 25.Bg2  1/2-1/2

[Event "Beersheba-B"]
[Site "Beersheba"]
[Date "1992.??.??"]
[Round "12"]
[White "Gofshtein, Leonid D"]
[Black "Vydeslaver, Alik"]
[Result "1-0"]
[WhiteElo "2485"]
[BlackElo "2340"]

1.d4 g6 2.e4 Bg7 3.Nc3 c6 4.f4 d5 5.e5 h5 6.Be3 Nh6 7.Nf3 Bg4 8.h3 Bxf3 9.Qxf3 e6
10.g3 Nd7 11.O-O-O Qc7 12.g4 hxg4 13.hxg4 O-O-O 14.Bd3 a6 15.Kb1 c5 16.dxc5 Nxc5
17.Bd4 Kb8 18.Be2 Rc8 19.Rc1 Rhd8 20.Qe3 Nd7 21.Rh3 Rh8 22.Rch1 Ka8 23.Qd2 Qa5
24.Ne4 Qxd2 25.Nxd2 Nb8 26.c3 Nc6 27.Be3 Rhd8 28.Nb3 Ng8 29.Rh7 Bf8 30.Rxf7 g5
31.Nd4 gxf4 32.Bxf4 Nxd4 33.cxd4 Ne7 34.Bg5 Re8 35.Rhh7  1-0